=LDR 00000nam 2200000 4500 =001 INLIS000000000030919 =005 20130612133027 =008 ***********************************ind** =035 ##$$0010-061300000030919 =041 ##$$a ind =090 ##$$a 028.5, Ami s =100 ##$$a Amidjaja, Arleen =245 ##$$a Sisil 81 pensil, Arleen Amidjaja ; Editor, Imran laha =260 ##$$a 2008 $b Jakarta =300 ##$$a 24 hlm, ilus, 19 cm =650 ##$$a Bacaan Kanak-kanak =850 ##$$a NBPNMAT